书目信息 |
| 题名: |
初恋
|
|
| 作者: | 屠格涅夫 著 ;敬铭 , 丰子恺 译 | |
| 分册: | ||
| 出版信息: | 香港 香港青年出版社 1980 |
|
| 页数: | 209页 | |
| 开本: | 19cm | |
| 丛书名: | ||
| 单 册: | ||
| 中图分类: | I512.44 , H319.5 | |
| 科图分类: | ||
| 主题词: | 中篇小说--苏联--近代--选集 , 短篇小说--苏联--近代--选集 | |
| 电子资源: | ||
| ISBN: | ||
| 000 | 00754nam0 2200265 45 | |
| 001 | 0198012892 | |
| 005 | 20040513095553.1 | |
| 010 | @dCNY1.50 | |
| 100 | @a19980302d1980 em y0chiy0121 ea | |
| 101 | 1 | @achi@crus |
| 102 | @aCN@b320000 | |
| 105 | @ay z 000ay | |
| 106 | @ar | |
| 200 | 10 | @a初恋@Achu lian@f(俄)伊.谢.屠格涅夫(И.С.Тургенев)著@g丰子恺译 |
| 210 | @a香港@c香港青年出版社@d1980 | |
| 215 | @a209页@d19cm | |
| 606 | @a中篇小说@y苏联@z近代@x选集 | |
| 606 | @a短篇小说@y苏联@z近代@x选集 | |
| 690 | @aI512.44@v3 | |
| 690 | @aH319.5 | |
| 701 | 1 | @a屠格涅夫@Atu ge nie fu@b伊.谢.@4著 |
| 702 | 0 | @a敬铭@Ajing ming@4译 |
| 702 | 0 | @a丰子恺@AFeng Zi Kai@4译 |
| 801 | 0 | @aCN@bNLC@c19980320 |
| 905 | @f4@b164261-264@dH319.5@e90 | |
| 初恋/(俄)伊.谢.屠格涅夫(И.С.Тургенев)著/丰子恺译.-香港:香港青年出版社,1980 |
| 209页;19cm |
| ISBN :CNY1.50 |
| ● |
| 相关链接 |
|
|
|
|
正题名:初恋
索取号:H319.5/90
 
预约/预借
| 序号 | 登录号 | 条形码 | 馆藏地/架位号 | 状态 | 备注 |
| 1 | 0164261 | 001081162 | 密集书库/ [索取号:H319.5/90] | 在馆 | |
| 2 | 0164262 | 001081126 | 密集书库/ [索取号:H319.5/90] | 在馆 | |
| 3 | 0164263 | 001081117 | 密集书库/ [索取号:H319.5/90] | 在馆 | |
| 4 | 0164264 | 001081091 | 密集书库/ [索取号:H319.5/90] | 在馆 | |
| 5 | 0164265 | 001081108 | 密集书库/ [索取号:H319.5/90] | 在馆 |